[Event "Fujairah Global Superstar"]
[Site "Fujairah City UAE"]
[Date "2025.08.28"]
[Round "5.18"]
[White "Ivanchuk, Vasyl"]
[Black "Movahed, Sina"]
[Result "1-0"]
[WhiteTitle "GM"]
[BlackTitle "GM"]
[WhiteElo "2623"]
[BlackElo "2558"]
[WhiteFideId "14100010"]
[BlackFideId "42520835"]
[EventDate "2025.08.25"]

1. c4 e6 2. Nf3 d5 3. e3 Nf6 4. b3 Bd6 5. Bb2 O-O 6. Nc3 Nc6 7. d4 dxc4 8. Bxc4
a6 9. h3 b5 10. Be2 Bb7 11. O-O e5 12. Nxb5 axb5 13. dxe5 Nxe5 14. Nxe5 Qe7 15.
Nf3 b4 16. Nd2 Rfd8 17. Qc2 Ra5 18. Rfd1 Rc5 19. Nc4 Rg5 20. g4 h5 21. Bxf6 Qxf6
22. Nxd6 cxd6 23. Qc7 Be4 24. Rac1 hxg4 25. hxg4 Rg6 26. Rd4 Re8 27. Qd7 Re7 28.
Qc8+ Kh7 29. Rxe4 Rxe4 30. Bd3 d5 31. Kg2 Rh6 32. Bxe4+ dxe4 33. Qf5+ Qxf5 34.
gxf5 Ra6 35. Rh1+ Rh6 36. Rd1 Ra6 37. Rd4 Rxa2 38. Rxe4 Ra5 39. Rh4+ Kg8 40. f6
g5 41. Rh5 Rc5 42. Kg3 Rc3 43. Rxg5+ Kh8 44. Kg2 Kh7 45. Rg7+ Kh6 46. Rxf7 Kg6
47. Rb7 Rxb3 48. f7 Kg7 49. e4 Rb1 50. e5 Re1 51. f4 1-0

[Event "Fujairah Global Superstar"]
[Site "Fujairah City UAE"]
[Date "2025.08.28"]
[Round "5.19"]
[White "Iturrizaga Bonelli, Eduardo"]
[Black "Dardha, Daniel"]
[Result "0-1"]
[WhiteTitle "GM"]
[BlackTitle "GM"]
[WhiteElo "2576"]
[BlackElo "2616"]
[WhiteFideId "3901211"]
[BlackFideId "240990"]
[EventDate "2025.08.25"]

1. d4 Nf6 2. c4 e6 3. Nf3 d5 4. Nc3 c5 5. e3 Nc6 6. a3 dxc4 7. Bxc4 a6 8. O-O b5
9. Ba2 Bb7 10. Qe2 cxd4 11. Rd1 b4 12. axb4 Nxb4 13. Nxd4 Nxa2 14. Rxa2 Qb8 15.
e4 Bd6 16. g3 O-O 17. f3 Bb4 18. Be3 a5 19. Raa1 Rc8 20. Na4 Ba6 21. Qf2 Bf8 22.
Bd2 Bb5 23. Nxb5 Qxb5 24. Nb6 Bc5 0-1

[Event "Fujairah Global Superstar"]
[Site "Fujairah City UAE"]
[Date "2025.08.28"]
[Round "5.20"]
[White "Kantor, Gergely"]
[Black "Kuzubov, Yuriy"]
[Result "0-1"]
[WhiteTitle "GM"]
[BlackTitle "GM"]
[WhiteElo "2569"]
[BlackElo "2600"]
[WhiteFideId "751499"]
[BlackFideId "14112906"]
[EventDate "2025.08.25"]

1. e4 c5 2. Nf3 Nc6 3. Bb5 d6 4. O-O Bd7 5. Re1 Nf6 6. c3 a6 7. Bf1 Bg4 8. d4
cxd4 9. cxd4 d5 10. exd5 Nxd5 11. Nc3 e6 12. h3 Bxf3 13. Qxf3 Bb4 14. a3 Ba5 15.
Rd1 Bb6 16. Qg4 O-O 17. Bg5 Qc7 18. Rac1 f5 19. Qf3 Qd6 20. Nxd5 exd5 21. Bf4
Qd7 22. Qb3 Ba7 23. Be5 Rae8 24. Qc3 f4 25. Rc2 Rc8 26. Qd3 f3 27. g3 Rce8 28.
Qb3 Kh8 29. Rcd2 h6 30. Rd3 Nxe5 31. dxe5 Rxe5 32. Rxd5 Qe7 33. R1d3 Re2 34. Rd2
Bxf2+ 35. Kh1 Bxg3 36. Qb4 Qxb4 37. axb4 Re1 38. Rd1 f2 39. Kg2 Bc7 40. R1d2 Re6
41. R5d4 h5 0-1

[Event "Fujairah Global Superstar"]
[Site "Fujairah City UAE"]
[Date "2025.08.28"]
[Round "5.21"]
[White "Socko, Bartosz"]
[Black "Piorun, Kacper"]
[Result "1/2-1/2"]
[WhiteTitle "GM"]
[BlackTitle "GM"]
[WhiteElo "2574"]
[BlackElo "2568"]
[WhiteFideId "1107038"]
[BlackFideId "1130420"]
[EventDate "2025.08.25"]

1. d4 d5 2. c4 c6 3. Nf3 Nf6 4. Nbd2 g6 5. e3 Bg7 6. Be2 O-O 7. O-O b6 8. b4
Nbd7 9. Bb2 Bb7 10. Qb3 a5 11. bxa5 Rxa5 12. Rfb1 c5 13. Qc2 Qa8 14. Bc3 Ra3 15.
dxc5 Rxc3 16. Qxc3 Ne4 17. Qc2 Nc3 18. Bf1 Nxb1 19. Rxb1 bxc5 20. cxd5 Bxd5 21.
Bc4 Nf6 22. Bxd5 Nxd5 23. Qc4 Rc8 24. h3 Nb4 25. Ne4 h6 26. Nxc5 Nxa2 27. Qa6
Qxa6 28. Nxa6 Rc6 29. Rb8+ Kh7 30. Nb4 Rc1+ 31. Kh2 Nc3 32. g4 Ne4 33. Kg2 1/2-1/2

[Event "Fujairah Global Superstar"]
[Site "Fujairah City UAE"]
[Date "2025.08.29"]
[Round "6.1"]
[White "Tabatabaei, M. Amin"]
[Black "Sjugirov, Sanan"]
[Result "1-0"]
[WhiteTitle "GM"]
[BlackTitle "GM"]
[WhiteElo "2673"]
[BlackElo "2636"]
[WhiteFideId "12521213"]
[BlackFideId "4189302"]
[EventDate "2025.08.25"]

1. e4 e5 2. Nf3 Nc6 3. Bc4 Bc5 4. d3 Nf6 5. O-O d6 6. c3 O-O 7. Re1 Bb6 8. h3
Ne7 9. d4 Ng6 10. Bd3 Re8 11. Nbd2 c6 12. a4 Bc7 13. Bc2 d5 14. Nxe5 Nxe5 15.
dxe5 Bxe5 16. Nf3 Bc7 17. exd5 Qxd5 18. Rxe8+ Nxe8 19. Qxd5 cxd5 20. Be3 Be6 21.
Rd1 Nd6 22. Bf4 Rc8 23. Bb3 Ne8 24. Be3 a6 25. Ng5 Nf6 26. Bd4 Bd8 27. f4 g6 28.
Re1 Rc6 29. a5 b5 30. g4 Bd7 31. Nf3 Be6 32. Ne5 Rc8 33. Nd3 Ne4 34. Nb4 f5 35.
Nxa6 Bxa5 36. Ra1 Bd8 37. Nb4 fxg4 38. hxg4 Nd2 39. Bxd5 Bxd5 40. Nxd5 Nf3+ 41.
Kg2 Nxd4 42. cxd4 Kf7 43. Kf3 h5 44. gxh5 gxh5 45. f5 h4 46. Ra7+ Kf8 47. Kf4
Rc2 48. Rh7 Rf2+ 49. Kg4 Rg2+ 50. Kf3 Rg3+ 51. Ke4 Kg8 52. Rd7 Bg5 53. f6 Bh6
54. Ne7+ Kf8 55. Nf5 Rg4+ 56. Ke5 Bg5 57. Nd6 Kg8 58. Kf5 h3 59. Kxg4 h2 60.
Rg7+ 1-0

[Event "Fujairah Global Superstar"]
[Site "Fujairah City UAE"]
[Date "2025.08.29"]
[Round "6.2"]
[White "Jacobson, Brandon"]
[Black "Pranav, V"]
[Result "1/2-1/2"]
[WhiteTitle "GM"]
[BlackTitle "GM"]
[WhiteElo "2594"]
[BlackElo "2597"]
[WhiteFideId "30901561"]
[BlackFideId "25060783"]
[EventDate "2025.08.25"]

1. c4 e5 2. g3 c6 3. d4 Bb4+ 4. Bd2 Bxd2+ 5. Qxd2 d6 6. Nc3 Nf6 7. O-O-O exd4 8.
Qxd4 O-O 9. e4 Qa5 10. Kb1 Na6 11. f3 Be6 12. Nh3 Rfd8 13. Nf4 Nc7 14. Be2 a6
15. Qd2 b5 16. Nxe6 Nxe6 17. Nd5 Qxd2 18. Nxf6+ gxf6 19. Rxd2 Kf8 20. cxb5 axb5
21. Rc1 Rac8 22. b4 Ke7 23. f4 Kd7 24. Kb2 Rc7 25. Rc3 Ra7 26. a3 Ra6 27. e5
fxe5 28. fxe5 Ke7 29. exd6+ Rxd6 30. Rcd3 Rxd3 31. Bxd3 h6 32. Be4 c5 33. Rd5
cxb4 34. axb4 Nc7 35. Rc5 Kd7 36. Bd3 Rd6 37. Bf5+ Kd8 38. Kc3 Nd5+ 39. Kb3 Nc7
40. Kc3 Nd5+ 41. Kb3 Nc7 42. Bh7 Rd2 43. Rh5 Rd6 44. Be4 Ke7 45. Kc3 Kd8 46. Re5
Ra6 47. Kb2 Rd6 48. Kc3 Ra6 49. Bd5 Rf6 50. Rh5 Ke7 51. Be4 Ra6 1/2-1/2

[Event "Fujairah Global Superstar"]
[Site "Fujairah City UAE"]
[Date "2025.08.29"]
[Round "6.3"]
[White "Zhu, Jiner"]
[Black "Hong, Andrew"]
[Result "1/2-1/2"]
[WhiteTitle "GM"]
[BlackTitle "GM"]
[WhiteElo "2536"]
[BlackElo "2580"]
[WhiteFideId "8608059"]
[BlackFideId "2099438"]
[EventDate "2025.08.25"]

1. e4 c5 2. Nf3 d6 3. Bb5+ Nc6 4. O-O Bd7 5. Re1 Nf6 6. c3 a6 7. Bf1 Bg4 8. h3
Bxf3 9. Qxf3 e6 10. d3 Be7 11. Qd1 O-O 12. Nd2 b5 13. Nf3 Qc7 14. d4 d5 15. exd5
Nxd5 16. dxc5 Bxc5 17. Bd3 Nce7 18. Qc2 Ng6 19. Be4 Rfe8 20. Bg5 h6 21. Bxg6
fxg6 22. Bd2 g5 23. Qg6 Qe7 24. a4 Qf7 25. Qxf7+ Kxf7 26. Re2 Ke7 27. Ne5 Rec8
28. Nd3 Ba7 29. Kf1 Kf6 30. axb5 axb5 31. Ra5 Nc7 32. Ne5 Rd8 33. b4 Bb6 34.
Rxa8 Nxa8 35. c4 bxc4 36. Bc3 Rc8 37. Nxc4+ Ke7 38. Nxb6 Nxb6 39. Bxg7 Nd5 40.
Bxh6 Kf6 41. h4 gxh4 42. Re4 h3 43. gxh3 Rh8 44. Be3 Kf5 45. Rc4 Rxh3 46. Ke2
Rh1 47. Kd3 Rb1 48. Bc5 e5 49. Rh4 Rc1 50. Kd2 Ra1 51. Kc2 Ra3 52. Kb2 Rc3 53.
Rh5+ Ke4 54. Bd6 Rc6 55. Bc5 Nf4 56. Rh4 Kd5 57. Kb3 Ne6 58. Be3 Nd4+ 59. Bxd4
exd4 60. Rh5+ Ke4 61. b5 Rc1 62. Rh8 Rb1+ 63. Kc4 Rc1+ 64. Kb4 Rb1+ 65. Kc5 Rc1+
66. Kb4 Rb1+ 67. Kc4 Rc1+ 68. Kb4 Ke5 1/2-1/2

[Event "Fujairah Global Superstar"]
[Site "Fujairah City UAE"]
[Date "2025.08.29"]
[Round "6.4"]
[White "Shankland, Sam"]
[Black "Suleymanli, Aydin"]
[Result "1/2-1/2"]
[WhiteTitle "GM"]
[BlackTitle "GM"]
[WhiteElo "2670"]
[BlackElo "2609"]
[WhiteFideId "2004887"]
[BlackFideId "13413937"]
[EventDate "2025.08.25"]

1. e4 e5 2. Nf3 Nc6 3. Bc4 Nf6 4. d3 Bc5 5. Bg5 h6 6. Bh4 O-O 7. a4 a5 8. Nbd2
Be7 9. Bg3 d6 10. c3 g6 11. h3 Nh5 12. Bh2 Bg5 13. Qe2 Be6 14. Bxe6 fxe6 15. d4
exd4 16. Nxd4 Qf6 17. N2f3 Nxd4 18. cxd4 Bf4 19. O-O Bxh2+ 20. Kxh2 Nf4 21. Qe3
g5 22. Ra3 Rf7 23. g3 Ng6 24. Kg2 Raf8 25. Nh2 Qg7 26. Qd2 Ne7 27. Rb3 Nc6 28.
d5 Nd4 29. Rd3 e5 30. Qxa5 Qg6 31. f3 h5 32. Qe1 c5 33. dxc6 bxc6 34. Rc3 Rb7
35. Rf2 Rh7 36. a5 g4 37. a6 gxh3+ 38. Kh1 Rg7 39. Qf1 Qxg3 40. f4 Qg2+ 41. Rxg2
hxg2+ 42. Qxg2 Rxg2 43. Kxg2 Ra8 44. fxe5 dxe5 45. Rc5 Rxa6 46. Rxe5 1/2-1/2

[Event "Fujairah Global Superstar"]
[Site "Fujairah City UAE"]
[Date "2025.08.29"]
[Round "6.5"]
[White "Mishra, Abhimanyu"]
[Black "Sadhwani, Raunak"]
[Result "1-0"]
[WhiteTitle "GM"]
[BlackTitle "GM"]
[WhiteElo "2610"]
[BlackElo "2676"]
[WhiteFideId "30920019"]
[BlackFideId "35093487"]
[EventDate "2025.08.25"]

1. e4 e5 2. Nf3 Nc6 3. Bc4 Bc5 4. d3 Nf6 5. Bg5 d6 6. c3 h6 7. Bh4 a5 8. Nbd2
Ba7 9. a3 g5 10. Bg3 Qe7 11. O-O Nh7 12. b4 Nf8 13. b5 Nd8 14. d4 Ng6 15. h3 h5
16. Be2 f6 17. Ne1 g4 18. h4 f5 19. exf5 Nxh4 20. b6 Bxb6 21. Bb5+ c6 22. f6
Qxf6 23. Ne4 Qe7 24. Bxh4 Qxh4 25. Nxd6+ Kf8 26. Bc4 exd4 27. Nxc8 Rxc8 28. Qb1
Bc7 29. Qf5+ Kg7 30. g3 Qe7 31. Qxc8 Rf8 1-0

[Event "Fujairah Global Superstar"]
[Site "Fujairah City UAE"]
[Date "2025.08.29"]
[Round "6.6"]
[White "Theodorou, Nikolas"]
[Black "Daneshvar, Bardiya"]
[Result "1/2-1/2"]
[WhiteTitle "GM"]
[BlackTitle "GM"]
[WhiteElo "2646"]
[BlackElo "2625"]
[WhiteFideId "4262875"]
[BlackFideId "12576468"]
[EventDate "2025.08.25"]

1. d4 Nf6 2. c4 e6 3. Nc3 Bb4 4. e3 O-O 5. Bd3 d5 6. Nf3 dxc4 7. Bxc4 c5 8. O-O
Nc6 9. a3 Ba5 10. h3 h6 11. Bd3 cxd4 12. exd4 Bb6 13. Be3 Ne7 14. Bc2 Nfd5 15.
Qd3 f5 16. Rfe1 Nxe3 17. Rxe3 Kh8 18. Rae1 Nc6 19. Ne2 Bc7 20. Bb3 e5 21. dxe5
Qxd3 22. Rxd3 Nxe5 23. Nxe5 Bxe5 24. Nc3 Bf6 25. Rd2 Bg5 26. Rd6 f4 27. Bc2 Bf5
28. Bxf5 Rxf5 29. Rd7 b5 30. Ne4 Re5 31. Kf1 Bh4 32. Re2 Rc8 33. Nc3 Rxe2 34.
Kxe2 a6 35. Rd6 Bf6 36. Kd3 a5 37. Nxb5 Bxb2 38. Ra6 Rc5 39. Rxa5 Kh7 40. a4 Rg5
41. Ra8 Bf6 42. Rb8 Rxg2 43. a5 Bh4 44. a6 Bxf2 45. a7 Bxa7 46. Nxa7 Rg3+ 47.
Kd4 1/2-1/2

[Event "Fujairah Global Superstar"]
[Site "Fujairah City UAE"]
[Date "2025.08.29"]
[Round "6.7"]
[White "Martinez Alcantara, Jose Eduardo"]
[Black "Dudin, Gleb"]
[Result "1-0"]
[WhiteTitle "GM"]
[BlackTitle "GM"]
[WhiteElo "2636"]
[BlackElo "2583"]
[WhiteFideId "3805662"]
[BlackFideId "34184934"]
[EventDate "2025.08.25"]

1. e4 e5 2. Nc3 Nf6 3. Bc4 Nxe4 4. Qh5 Nd6 5. Qxe5+ Qe7 6. Qxe7+ Bxe7 7. Be2 Nf5
8. Nf3 Nc6 9. Nd5 Bd8 10. c3 Nce7 11. Ne3 d5 12. b3 c6 13. Ba3 f6 14. c4 h5 15.
Bd3 dxc4 16. bxc4 Kf7 17. O-O Ba5 18. Rab1 Rb8 19. Be4 g5 20. d4 g4 21. Bxe7
Nxe7 22. Nh4 Rd8 23. d5 Bb6 24. Rbd1 Bc5 25. Rfe1 cxd5 26. cxd5 b6 27. g3 Bb4
28. Re2 Ba6 29. Rb2 Ba3 30. Rbd2 Bd6 31. Nef5 Rbc8 32. Nxe7 Kxe7 33. Bg6 Bb4 34.
Rd4 Rc4 35. Bxh5 Bc5 36. Rxg4 Rxg4 37. Bxg4 Bc4 38. Be6 Bxa2 39. Nf5+ Kf8 40. h4
Bb3 41. Rd2 a5 42. h5 Ra8 43. h6 Ra7 44. Re2 Bd1 45. Re4 a4 46. d6 Bxd6 47. Nxd6
a3 48. Ba2 Bh5 49. g4 Bg6 50. Re6 1-0

[Event "Fujairah Global Superstar"]
[Site "Fujairah City UAE"]
[Date "2025.08.29"]
[Round "6.8"]
[White "Cheparinov, Ivan"]
[Black "Aditya, Mittal"]
[Result "1/2-1/2"]
[WhiteTitle "GM"]
[BlackTitle "GM"]
[WhiteElo "2625"]
[BlackElo "2560"]
[WhiteFideId "2905540"]
[BlackFideId "35042025"]
[EventDate "2025.08.25"]

1. Nf3 d5 2. g3 Nf6 3. Bg2 e6 4. O-O Be7 5. d3 O-O 6. a4 Nc6 7. Nbd2 a5 8. e4
dxe4 9. dxe4 e5 10. Nc4 Nxe4 11. Nfxe5 Nxe5 12. Nxe5 Qxd1 13. Rxd1 Nf6 14. Be3
c6 15. Nc4 Be6 16. Nb6 Rad8 17. h3 Rxd1+ 18. Rxd1 Rd8 19. Rxd8+ Bxd8 20. Bf1 Nd5
21. Nxd5 Bxd5 22. Bd3 g6 23. f4 f5 24. Bd4 Kf7 25. Kf2 b6 26. Ke3 c5 27. Be5 Bf6
28. Bxf6 Kxf6 29. b3 h6 30. h4 Bc6 1/2-1/2

[Event "Fujairah Global Superstar"]
[Site "Fujairah City UAE"]
[Date "2025.08.29"]
[Round "6.9"]
[White "Nihal, Sarin"]
[Black "Motylev, Alexander"]
[Result "1-0"]
[WhiteTitle "GM"]
[BlackTitle "GM"]
[WhiteElo "2692"]
[BlackElo "2595"]
[WhiteFideId "25092340"]
[BlackFideId "4121830"]
[EventDate "2025.08.25"]

1. d4 d5 2. c4 c6 3. Nf3 Nf6 4. Nc3 e6 5. Qd3 a6 6. b3 Nbd7 7. g3 Bb4 8. Bd2 O-O
9. Bg2 dxc4 10. bxc4 c5 11. Rb1 Ba5 12. O-O cxd4 13. Qxd4 Re8 14. Rfd1 e5 15.
Qh4 h6 16. Ne1 Rb8 17. Nc2 Nf8 18. Nd5 Bxd2 19. Rxd2 N8h7 20. Nxf6+ Qxf6 21.
Qxf6 Nxf6 22. Bc6 Re7 23. Rd8+ Kh7 24. Ne3 Rc7 25. Bg2 b5 26. Bh3 bxc4 27. Rxb8
Bxh3 28. f3 c3 29. Rb1 Be6 30. Rc1 e4 31. Rc2 exf3 32. exf3 Bd7 33. g4 g5 34.
Kf2 h5 35. h4 Kg6 36. hxg5 Kxg5 37. gxh5 Kxh5 38. Rc1 Rc5 39. Nd1 c2 40. Ne3 Be6
41. a3 Rc3 42. Rg1 Kh6 43. Rc1 Rxa3 44. Rxc2 a5 45. Rd6 Kg7 46. Ra6 a4 47. Rc5
Ra2+ 48. Kg3 Kg6 49. Raa5 Nd7 50. Rcb5 Ra1 51. f4 Ra3 52. Kf2 Kg7 53. Rg5+ Kf8
54. Ra8+ Ke7 55. Ra7 Kd6 56. Ra6+ Kc7 57. Rga5 Nb6 58. Rb5 Ra2+ 59. Ke1 Ra1+ 60.
Ke2 Nd7 61. f5 Bb3 62. Nd5+ Bxd5 63. Rxd5 Nb6 64. Rb5 Nc8 65. Rc5+ Kd7 66. Rf6
Ke7 67. Rfc6 Nd6 68. Rd5 Ne4 69. f6+ Nxf6 70. Re5+ 1-0

[Event "Fujairah Global Superstar"]
[Site "Fujairah City UAE"]
[Date "2025.08.29"]
[Round "6.10"]
[White "Zemlyanskii, Ivan"]
[Black "Salem, A.R. Saleh"]
[Result "1/2-1/2"]
[WhiteTitle "GM"]
[BlackTitle "GM"]
[WhiteElo "2586"]
[BlackElo "2640"]
[WhiteFideId "24249971"]
[BlackFideId "9301348"]
[EventDate "2025.08.25"]

1. e4 e6 2. d4 d5 3. e5 c5 4. c3 Nc6 5. Nf3 Qb6 6. Bd3 cxd4 7. O-O Bd7 8. Re1
Nge7 9. h4 a6 10. Nbd2 Ng6 11. Nb3 dxc3 12. bxc3 f6 13. exf6 gxf6 14. c4 O-O-O
15. cxd5 exd5 16. Be3 Qc7 17. Nbd4 Nge5 18. Nxc6 Bxc6 19. Nd4 Rg8 20. Rc1 Bb4
21. Re2 Nc4 22. Qb3 Ba3 23. Rc3 Kb8 24. Ne6 Qc8 25. Nxd8 Rxg2+ 26. Kxg2 Qg4+ 27.
Kf1 Qh3+ 28. Kg1 Qg4+ 29. Kf1 Qh3+ 30. Kg1 Qg4+ 31. Kf1 1/2-1/2

[Event "Fujairah Global Superstar"]
[Site "Fujairah City UAE"]
[Date "2025.08.29"]
[Round "6.11"]
[White "Grebnev, Aleksey"]
[Black "Volokitin, Andrei"]
[Result "1/2-1/2"]
[WhiteTitle "GM"]
[BlackTitle "GM"]
[WhiteElo "2595"]
[BlackElo "2628"]
[WhiteFideId "34189030"]
[BlackFideId "14107090"]
[EventDate "2025.08.25"]

1. e4 c5 2. Nf3 d6 3. Nc3 Nf6 4. d4 cxd4 5. Qxd4 Nc6 6. Bb5 Bd7 7. Qd3 g6 8. Bg5
Bg7 9. O-O-O Ng4 10. Qd2 Qa5 11. Bxe7 Bxc3 12. Qxd6 Bxb2+ 13. Kb1 Be6 14. Bxc6+
bxc6 15. Kxb2 Qxa2+ 16. Kc1 Qa1+ 17. Kd2 Qa5+ 18. Kc1 Qa1+ 19. Kd2 Qa5+ 20. Kc1 1/2-1/2

[Event "Fujairah Global Superstar"]
[Site "Fujairah City UAE"]
[Date "2025.08.29"]
[Round "6.12"]
[White "Pichot, Alan"]
[Black "Ivanchuk, Vasyl"]
[Result "1/2-1/2"]
[WhiteTitle "GM"]
[BlackTitle "GM"]
[WhiteElo "2581"]
[BlackElo "2623"]
[WhiteFideId "110973"]
[BlackFideId "14100010"]
[EventDate "2025.08.25"]

1. e4 e6 2. d4 d5 3. Nc3 Bb4 4. e5 c5 5. a3 Bxc3+ 6. bxc3 Ne7 7. h4 Qc7 8. h5 h6
9. Nf3 b6 10. Bb5+ Bd7 11. a4 Bxb5 12. axb5 Nd7 13. O-O O-O 14. Nh4 Rfc8 15. Qg4
Kh7 16. Qf3 Kg8 17. Qg4 Kh7 18. Qf3 Kg8 1/2-1/2

[Event "Fujairah Global Superstar"]
[Site "Fujairah City UAE"]
[Date "2025.08.29"]
[Round "6.13"]
[White "Dardha, Daniel"]
[Black "Pranesh, M"]
[Result "0-1"]
[WhiteTitle "GM"]
[BlackTitle "GM"]
[WhiteElo "2616"]
[BlackElo "2589"]
[WhiteFideId "240990"]
[BlackFideId "35028600"]
[EventDate "2025.08.25"]

1. e4 e5 2. Nf3 Nc6 3. Bc4 Nf6 4. d3 h6 5. c3 Bc5 6. b4 Be7 7. O-O O-O 8. Bb2 d5
9. exd5 Nxd5 10. b5 Na5 11. Bxd5 Qxd5 12. c4 Qd8 13. Bc3 c6 14. Nxe5 cxb5 15.
cxb5 a6 16. a4 Be6 17. Nd2 Rc8 18. Bb2 Qd5 19. Rb1 axb5 20. axb5 Qxb5 21. Ba1
Qd5 22. Qa4 Nc6 23. Rxb7 Nxe5 24. Rxe7 Ng6 25. Ra7 Qxd3 26. Qd4 Qxd4 27. Bxd4
Rfd8 28. Be3 Nh4 29. Ra4 Nf5 30. Nf3 Nxe3 31. fxe3 Rc3 32. Re1 Rdd3 33. e4 Rc2
34. Rd4 Ra3 35. Rd2 Rxd2 36. Nxd2 Ra2 37. Nf1 Kf8 38. Ng3 Ke7 39. Re2 Ra1+ 40.
Kf2 g6 41. Nf5+ Kf6 42. Nd4 Ra4 43. Ke3 Ra3+ 44. Kf2 Bd7 45. e5+ Ke7 46. Rd2 Ra5
47. Nf3 Bc6 48. Nd4 Ba8 49. Re2 Ra4 50. Rd2 Bd5 51. h3 Ba8 52. Nf3 Rf4 53. Kg3
Rf5 54. h4 Bxf3 55. gxf3 Rxe5 56. Rb2 Kf6 57. Rb6+ Kf5 58. Rb7 f6 59. Rh7 h5 60.
Rh8 Ra5 61. Rh7 Ra1 62. Rb7 Re1 63. Rb8 Re2 64. Rh8 Re1 65. Rb8 g5 66. hxg5 fxg5
67. Rf8+ Kg6 68. Rg8+ Kf6 69. Rh8 Rh1 70. Kg2 Rh4 71. Ra8 Rd4 72. Rf8+ Kg7 73.
Ra8 Rd2+ 74. Kh3 h4 75. Ra7+ Kf6 76. Ra8 Rf2 77. Rf8+ Ke6 78. Kg4 Rg2+ 79. Kh3
Rg3+ 80. Kh2 Kd5 81. Rd8+ Ke5 82. Rf8 Kd4 83. f4 g4 84. f5 Rh3+ 85. Kg2 Rg3+ 86.
Kh1 Ke3 87. Ra8 Rf3 88. Ra3+ Ke2 89. Ra2+ Kf1 90. Ra1+ Kf2 91. Ra2+ Kg3 92. Rg2+
Kf4 93. Rb2 Kg5 0-1

[Event "Fujairah Global Superstar"]
[Site "Fujairah City UAE"]
[Date "2025.08.29"]
[Round "6.14"]
[White "Bharath, Subramaniyam H"]
[Black "Donchenko, Alexander"]
[Result "0-1"]
[WhiteTitle "GM"]
[BlackTitle "GM"]
[WhiteElo "2562"]
[BlackElo "2616"]
[WhiteFideId "46634827"]
[BlackFideId "24603295"]
[EventDate "2025.08.25"]

1. e4 c5 2. Nf3 e6 3. d4 cxd4 4. Nxd4 Nf6 5. Nc3 Nc6 6. a3 Be7 7. Nxc6 bxc6 8.
e5 Nd5 9. Qg4 O-O 10. Bh6 g6 11. Bxf8 Bxf8 12. Qg3 Bg7 13. Ne4 Qb6 14. Rb1 Qd4
15. Bd3 Bxe5 16. c3 Bxg3 17. cxd4 Bc7 18. Bc2 Bb6 19. Rd1 Rb8 20. O-O a5 21. Nc3
Ba7 22. Nxd5 cxd5 23. b3 Bb7 24. Rfe1 Rc8 25. Bb1 Kf8 26. Kf1 Ke7 27. Re2 Rc6
28. Rb2 Rc3 29. Ke1 Bb6 30. Rd3 Rc1+ 31. Rd1 Bxd4 32. Rd2 Rxd1+ 33. Kxd1 Bc3 34.
Ra2 d4 35. f3 Bd5 36. Re2 Bxb3+ 37. Bc2 Bc4 38. Re4 d5 39. Rh4 h5 40. f4 Bf1 41.
g4 hxg4 42. Rxg4 Kd6 43. Rg1 Bb5 44. Rg3 Kc5 45. Rh3 Bf1 46. Rf3 Bg2 47. Rg3 Be4
48. Ba4 Kd6 49. Bb5 Ke7 50. Rh3 Kf6 51. Rh7 g5 52. fxg5+ Kg6 53. Rh8 Kxg5 54.
h4+ Kf6 55. Rg8 Bg6 56. Be2 d3 57. Bxd3 Bxd3 58. Rg3 d4 59. Rxd3 e5 60. Rg3 e4
61. Kc2 Be1 62. Rg4 Ke5 63. Rg7 d3+ 64. Kb3 Bxh4 65. Rh7 0-1

[Event "Fujairah Global Superstar"]
[Site "Fujairah City UAE"]
[Date "2025.08.29"]
[Round "6.15"]
[White "Hakobyan, Aram"]
[Black "Muradli, Mahammad"]
[Result "1/2-1/2"]
[WhiteTitle "GM"]
[BlackTitle "GM"]
[WhiteElo "2625"]
[BlackElo "2586"]
[WhiteFideId "13306677"]
[BlackFideId "13409301"]
[EventDate "2025.08.25"]

1. e4 c5 2. Nc3 d6 3. Nge2 Nf6 4. g3 g6 5. Bg2 Bg7 6. O-O Nc6 7. d3 Rb8 8. f4
O-O 9. h3 Nd7 10. a4 a6 11. Nd5 b5 12. axb5 axb5 13. g4 Bb7 14. g5 Nd4 15. h4 c4
16. Nxd4 Bxd4+ 17. Kh1 cxd3 18. Qxd3 Bh8 19. f5 e6 20. Ne3 Nc5 21. Ng4 h5 22.
Nh6+ Kh7 23. Qe2 Bg7 24. Nxf7 Rxf7 25. fxg6+ Kxg6 26. Rxf7 Kxf7 27. Qxh5+ Ke7
28. Be3 Nxe4 29. Qg4 Ra8 30. Rf1 Ra4 31. b4 Rxb4 32. Kg1 Ra4 33. Qh5 Qg8 34. g6
Ra1 35. Rxa1 Bxa1 36. Qxb5 Qa8 37. Qb6 Kd7 38. Qb5+ Ke7 39. Qb6 Kf6 40. Qc7 Kxg6
41. h5+ Kf6 42. Qh7 Bd5 43. h6 Qb7 44. Qh8+ Kg6 45. Qxa1 Nf6 46. Bf1 Be4 47. Qe1
Kh7 48. Qg3 e5 49. c4 Bg6 50. Qg2 Qb3 51. Qg5 Qc3 52. Bd2 Qd4+ 53. Be3 Qc3 54.
Bd2 Qd4+ 55. Be3 Qg4+ 56. Bg2 Qd1+ 57. Bf1 Qg4+ 58. Bg2 Qe6 59. c5 dxc5 60. Bxc5
Ng8 61. Be3 Qf6 1/2-1/2

[Event "Fujairah Global Superstar"]
[Site "Fujairah City UAE"]
[Date "2025.08.29"]
[Round "6.16"]
[White "Kuzubov, Yuriy"]
[Black "Lu, Shanglei"]
[Result "0-1"]
[WhiteTitle "GM"]
[BlackTitle "GM"]
[WhiteElo "2600"]
[BlackElo "2647"]
[WhiteFideId "14112906"]
[BlackFideId "8603332"]
[EventDate "2025.08.25"]

1. d4 Nf6 2. c4 e6 3. Nf3 d5 4. g3 Bb4+ 5. Bd2 Be7 6. Bg2 O-O 7. O-O c6 8. Qc2
Nbd7 9. Bf4 h6 10. Rd1 a5 11. a3 Nh5 12. Bc1 Nhf6 13. Nfd2 b5 14. b3 Ba6 15. e4
bxc4 16. bxc4 e5 17. Bb2 Rb8 18. dxe5 Ng4 19. Nf3 Qb6 20. Bd4 c5 21. Be3 d4 22.
Bf4 Qe6 23. Bh3 g5 24. Bc1 Bxc4 25. Nbd2 Be2 26. Re1 d3 27. Qa4 Ndxe5 28. Nxe5
Qxe5 29. Ra2 Bf6 30. Bxg4 Bxg4 31. Nc4 Qe8 32. Qxa5 Be6 33. e5 Bd8 34. Qc3 Qa4
35. Rb2 Bc7 36. Re4 Bd5 37. Qxd3 Bxe4 38. Qxe4 Qd1+ 39. Kg2 Qxc1 40. Rxb8 Bxb8
41. Ne3 Qb2 42. Ng4 Bxe5 43. Nxh6+ Kh8 44. Qf5 Bg7 45. Ng4 Qb7+ 46. f3 Qe7 0-1

[Event "Fujairah Global Superstar"]
[Site "Fujairah City UAE"]
[Date "2025.08.29"]
[Round "6.17"]
[White "Narayanan, S.L."]
[Black "Puranik, Abhimanyu"]
[Result "1/2-1/2"]
[WhiteTitle "GM"]
[BlackTitle "GM"]
[WhiteElo "2595"]
[BlackElo "2635"]
[WhiteFideId "5058422"]
[BlackFideId "5061245"]
[EventDate "2025.08.25"]

1. d4 Nf6 2. Nf3 d5 3. Bf4 c5 4. e3 Nc6 5. Nbd2 Qb6 6. dxc5 Qxb2 7. Rb1 Qc3 8.
Bd3 g6 9. O-O Bg7 10. Nd4 Qxc5 11. Nb5 O-O 12. Nb3 Qb4 13. a3 Qa4 14. Nc3 Qxa3
15. Nb5 Qa2 16. Ra1 Qb2 17. Rb1 Qa2 18. Ra1 Qb2 19. Rb1 Qa2 1/2-1/2